Ākhyā K̲h̲vājah Farīd ne / (Record no. 330827)

000 -LEADER
fixed length control field 00966cam a22002897a 4500
001 - CONTROL NUMBER
control field 16013361
003 - CONTROL NUMBER IDENTIFIER
control field NUST
005 - DATE AND TIME OF LATEST TRANSACTION
control field 20170810142056.0
008 - FIXED-LENGTH DATA ELEMENTS--GENERAL INFORMATION
fixed length control field 091208s2008 pk 000 0 lah
010 ## - LIBRARY OF CONGRESS CONTROL NUMBER
LC control number 2009356157
020 ## - INTERNATIONAL STANDARD BOOK NUMBER
International Standard Book Number 9694111439
025 ## - OVERSEAS ACQUISITION NUMBER
Overseas acquisition number P-Lah-2009356157
040 ## - CATALOGING SOURCE
Original cataloging agency DLC
Transcribing agency DLC
042 ## - AUTHENTICATION CODE
Authentication code lcode
050 00 - LIBRARY OF CONGRESS CALL NUMBER
Classification number MLCSA 2009/01219 (P)
082 ## - DEWEY DECIMAL CLASSIFICATION NUMBER
Classification number 891.4911
Author Mark FAR
100 0# - MAIN ENTRY--PERSONAL NAME
Personal name G̲h̲ulām Farīd,
Titles and words associated with a name K̲h̲vājah,
Dates associated with a name 1845?-1901.
9 (RLIN) 3891
245 10 - TITLE STATEMENT
Title Ākhyā K̲h̲vājah Farīd ne /
Statement of responsibility, etc. sodhanhār, Muḥammad Āṣif K̲h̲ān̲.
250 ## - EDITION STATEMENT
Edition statement 3. Vār.
260 ## - PUBLICATION, DISTRIBUTION, ETC.
Place of publication, distribution, etc. Lāhore :
Name of publisher, distributor, etc. Pākistān Panjābī Adabī Borḍ,
Date of publication, distribution, etc. 2008.
300 ## - PHYSICAL DESCRIPTION
Extent 558 p. ;
Dimensions 22 cm.
500 ## - GENERAL NOTE
General note Poems.
504 ## - BIBLIOGRAPHY, ETC. NOTE
Bibliography, etc. note Includes bibliographical references (p. 556-558).
546 ## - LANGUAGE NOTE
Language note In Siraiki.
650 ## - SUBJECT ADDED ENTRY--TOPICAL TERM
Topical term or geographic name entry element Punjab Literature
9 (RLIN) 3892
700 1# - ADDED ENTRY--PERSONAL NAME
Personal name K̲h̲ān̲, Muḥammad Āṣif.
9 (RLIN) 3893
710 2# - ADDED ENTRY--CORPORATE NAME
Corporate name or jurisdiction name as entry element Pākistān Panjābī Adabī Borḍ.
9 (RLIN) 3894
880 ## - ALTERNATE GRAPHIC REPRESENTATION
Linkage 100-01\(3\r
Title خواجہ فرید
880 ## - ALTERNATE GRAPHIC REPRESENTATION
Linkage 245-02\(3\r
Title آکھیا خواجہ فرید نے
c خواجہ فرید، مرتب: محمد آصف خان
880 ## - ALTERNATE GRAPHIC REPRESENTATION
Linkage 260-03\(3\r
Title لاہور:
b پاکستان پنجابی ادبی بورڈ،
c 2008
906 ## - LOCAL DATA ELEMENT F, LDF (RLIN)
a 7
b cbc
c origode
d 4
e ncip
f 19
g y-gencatlg
942 ## - ADDED ENTRY ELEMENTS (KOHA)
Source of classification or shelving scheme
Koha item type Book
Holdings
Withdrawn status Lost status Source of classification or shelving scheme Damaged status Not for loan Collection code Permanent Location Current Location Shelving location Date acquired Total Checkouts Full call number Barcode Date last seen Copy number Price effective from Koha item type
            Central Library (CL) Central Library (CL) Fiction 08/10/2017   891.4911 FAR CL2835 08/10/2017 1 08/10/2017 Book
© 2023 Central Library, National University of Sciences and Technology. All Rights Reserved.